তারিখ-ই-ফিরুজশাহী / (Record no. 2577)
[ view plain ]
| 000 -LEADER | |
|---|---|
| fixed length control field | 01230nam a2200253 a 4500 |
| 003 - CONTROL NUMBER IDENTIFIER | |
| control field | BD-DhJNU |
| 005 - DATE AND TIME OF LATEST TRANSACTION | |
| control field | 20260127065654.0 |
| 008 - FIXED-LENGTH DATA ELEMENTS--GENERAL INFORMATION | |
| fixed length control field | 251108s2021 bg |||g |||| 000 1|ben|d |
| 020 ## - INTERNATIONAL STANDARD BOOK NUMBER | |
| International Standard Book Number | 9789848118443 |
| 040 ## - CATALOGING SOURCE | |
| Original cataloging agency | BD-DhJNU |
| Language of cataloging | ben |
| Transcribing agency | BD-DhJNU |
| Modifying agency | BD-DhJNU |
| 041 ## - LANGUAGE CODE | |
| Language code of text/sound track or separate title | ben |
| 082 ## - DEWEY DECIMAL CLASSIFICATION NUMBER | |
| Classification number | 954.023 BAT |
| Edition number | 23 |
| 100 ## - MAIN ENTRY--PERSONAL NAME | |
| Personal name | বারানী, জিয়াউদ্দিন |
| 245 10 - TITLE STATEMENT | |
| Title | তারিখ-ই-ফিরুজশাহী / |
| Statement of responsibility, etc. | জিয়াউদ্দিন বারানী, গোলাম সামদানী কোরায়শী (অনুবাদক) , আতাউল করিম (সম্পাদক) |
| 246 ## - VARYING FORM OF TITLE | |
| Title proper/short title | Tarikh-i-firujshahi |
| 260 ## - PUBLICATION, DISTRIBUTION, ETC. | |
| Place of publication, distribution, etc. | ঢাকা : |
| Name of publisher, distributor, etc. | আকাশ, |
| Date of publication, distribution, etc. | 2021. |
| 300 ## - PHYSICAL DESCRIPTION | |
| Extent | ৪৮৭ পৃ. : |
| Other physical details | চিত্র ; |
| Dimensions | ২২ সেমি.। |
| 504 ## - BIBLIOGRAPHY, ETC. NOTE | |
| Bibliography, etc. note | গ্রন্থপঞ্জিগত নির্দেশিকা ও নিঘন্ট অন্তভূক্ত |
| 650 ## - SUBJECT ADDED ENTRY--TOPICAL TERM | |
| Topical term or geographic name entry element | দিল্লি সুলতানি শাসন |
| 650 ## - SUBJECT ADDED ENTRY--TOPICAL TERM | |
| Topical term or geographic name entry element | Delhi Sultanate |
| 700 a# - ADDED ENTRY--PERSONAL NAME | |
| Personal name | কোরায়শী, গোলাম সামদানী |
| Relator term | অনুবাদক |
| 700 a# - ADDED ENTRY--PERSONAL NAME | |
| Personal name | করিম, আতাউল |
| Relator term | সম্পাদক |
| 942 ## - ADDED ENTRY ELEMENTS (KOHA) | |
| Koha item type | Books |
| Withdrawn status | Lost status | Source of classification or shelving scheme | Damaged status | Not for loan | Collection | Home library | Current library | Shelving location | Date acquired | Source of acquisition | Total checkouts | Full call number | Barcode | Date last seen | Copy number | Price effective from | Koha item type |
|---|---|---|---|---|---|---|---|---|---|---|---|---|---|---|---|---|---|
| Dewey Decimal Classification | Non-fiction | Jagannath University Central Library | Jagannath University Central Library | General stacks | 01/27/2026 | Purchased | 954.023 BAT | JNUCL36128 | 01/27/2026 | 1 | 01/27/2026 | Books | |||||
| Dewey Decimal Classification | Non-fiction | Jagannath University Central Library | Jagannath University Central Library | General stacks | 01/27/2026 | Purchased | 954.023 BAT | JNUCL36129 | 01/27/2026 | 2 | 01/27/2026 | Books |